|
|
|
|
| LEADER |
01482nam a2200361 a 4500 |
| 001 |
42071 |
| 003 |
BD-DhAAL |
| 008 |
240114r19861985enk b 001 0 eng d |
| 010 |
|
|
|a 86121197
|
| 020 |
|
|
|a 0860371468 :
|c £10.00
|
| 020 |
|
|
|a 0860371476 (pbk.)
|
| 020 |
|
|
|a 0860371468
|
| 040 |
|
|
|a DLC
|c DLC
|d DLC
|d BD-DhAAL
|
| 043 |
|
|
|a a------
|a f------
|
| 050 |
0 |
0 |
|a HG3368.A6
|b C47 1985
|
| 082 |
0 |
0 |
|a 330.1
|
| 100 |
1 |
|
|a Chapra, M. Umer
|q (Muhammad Umer),
|d 1933-
|9 46572
|
| 245 |
1 |
0 |
|a Towards a just monetary system :
|b a discussion of money, banking, and monetary policy in the light of Islamic teachings /
|c M. Umer Chapra.
|
| 260 |
|
|
|a Leicester, UK :
|b Islamic Foundation,
|c c1985 [reprinted 1986].
|
| 300 |
|
|
|a 292 pages ;
|c 22 cm.
|
| 490 |
|
|
|a Islamic economics series ;
|v 8
|
| 504 |
|
|
|a Includes bibliographical references (pages 267-282) and index.
|
| 541 |
|
|
|a Donated By Akbar Ali Khan
|e 42071
|
| 650 |
|
0 |
|a Economics
|x Religious aspects
|x Islam.
|9 11532
|
| 650 |
|
0 |
|a Banks and banking
|z Islamic countries.
|
| 650 |
|
0 |
|a Monetary policy
|z Islamic countries.
|9 55926
|
| 650 |
|
0 |
|a Banks and banking
|x Religious aspects
|x Islam.
|
| 650 |
|
0 |
|a Islam
|x Economic aspects.
|
| 830 |
|
|
|a Islamic economics series ;
|v 8
|9 55927
|
| 852 |
|
|
|a Ayesha Abed Library
|
| 942 |
|
|
|2 ddc
|c BK
|
| 999 |
|
|
|c 46295
|d 46295
|
| 952 |
|
|
|0 0
|1 0
|2 ddc
|4 0
|6 330_100000000000000_CHA
|7 1
|9 74945
|a BRACUL
|b BRACUL
|c CS1
|d 2024-01-14
|e Donated By Akbar Ali Khan
|l 0
|o 330.1 CHA
|p 3010042071
|r 2024-01-14
|t 1
|w 2024-01-14
|y BK
|